Effective subject leadership in secondary schools : a handbook of staff development activities /

Uloženo v:
Podrobná bibliografie
Hlavní autor: Harris, Alma.
Médium: Kniha
Jazyk:English
Vydáno: London : David Fulton, 1999.
Témata:
Tagy: Přidat tag
Žádné tagy, Buďte první, kdo otaguje tento záznam!
Thư viện lưu trữ: Mạng thư viện Đại học Đà Nẵng
LEADER 01045cam a2200361 i 4500
001 000045436
003 4612
005 20030227150744.0
008 010326|1999 vm 000 eng
020 |a 1853465771 (spira 
040 |a IRC  |c IRC  |d IRC 
041 0 |a eng 
082 1 4 |a 373.1200941  |b HA-A 
100 1 |a Harris, Alma. 
245 0 0 |a Effective subject leadership in secondary schools :  |b a handbook of staff development activities /  |c Alma Harris. 
260 |a London :  |b David Fulton,  |c 1999. 
300 |a 104 p. 
630 0 4 |a Education. 
630 0 4 |a Secondary education. 
630 0 4 |a High school teachers. 
650 0 4 |a Education, Secondary  |z Great Britain. 
650 0 4 |a High school teachers  |x Training of  |z Great Britain. 
650 0 4 |a High schools  |z Great Britain  |x Administration. 
OWN |a DUT 
999 |a From the UDN01 
TYP |a Monograph 
TYP |a Printed language 
980 |a Mạng thư viện Đại học Đà Nẵng